Tuyển tập truyện ngắn các tác giả đoạt giải thưởng hội nhà văn Việt Nam.

Bao gồm 50 truyện ngắn đặc sắc của hội nhà văn Việt Nam phản ánh hiện thực xã hội Việt Nam hơn nửa thế kỷ nay....

محفوظ في:
التفاصيل البيبلوغرافية
التنسيق: كتاب
اللغة:Vietnamese
منشور في: Hà Nội : Hội nhà văn, 1999.
الموضوعات:
الوسوم: إضافة وسم
لا توجد وسوم, كن أول من يضع وسما على هذه التسجيلة!
Thư viện lưu trữ: Mạng thư viện Đại học Đà Nẵng
LEADER 01001cam a2200325 i 4500
001 000043286
003 1227
005 20040525090244.0
008 010217b1999 vm 000 vie
020 |c 42000 
040 |a IRC  |c IRC  |d IRC 
041 0 |a vie 
082 1 4 |a 895.92334  |b Tu-T 
245 0 0 |a Tuyển tập truyện ngắn các tác giả đoạt giải thưởng hội nhà văn Việt Nam. 
260 |a Hà Nội :  |b Hội nhà văn,  |c 1999. 
300 |a 522tr. ;  |c 19cm. 
520 3 |a Bao gồm 50 truyện ngắn đặc sắc của hội nhà văn Việt Nam phản ánh hiện thực xã hội Việt Nam hơn nửa thế kỷ nay.... 
630 0 4 |a Văn học Việt. 
630 0 4 |a Truyện ngắn Việt. 
650 0 4 |a Truyện ngắn Việt. 
OWN |a DUT 
999 |a From the UDN01 
TYP |a Monograph 
TYP |a Printed language 
980 |a Mạng thư viện Đại học Đà Nẵng